Albun de música para piano compositores románticos

Contiene: Música para piano de compositores románticos Weber, Schubert Schuman, Liszt, etc

Λεπτομέρειες βιβλιογραφικής εγγραφής
Κύριος συγγραφέας: Weber
Μορφή: Βιβλίο
Γλώσσα:Spanish
Θέματα:

MARC

LEADER 00000cam a2200000 a 4500
001 A1341
005 20230308174706.0
008 005042| ||||||||r|||||||||||spa||
040 |b spa 
041 a |a Español 
082 0 |a 786.202 64  |b VAR 
100 1 |a Weber  |9 79174 
245 1 1 |a Albun de música para piano compositores románticos  |c Varios autores  |h imp 
264 |a s.l.  |b Leipzig  |c s.f. 
300 |a 145 páginas:  |b dia 
520 3 |a Contiene: Música para piano de compositores románticos Weber, Schubert Schuman, Liszt, etc 
650 1 |a Kreisleriana  |9 79175 
650 1 |a Piano  |9 51420 
650 1 |a Partituras de piano  |9 78974 
852 |a UC-YANUNCAY  |c ESTANTERIA ABIERTA  |f Donación  |k jhoanna.mogollon  |l 1  |m General  |p 20050420  |q 3.00  |r 2  |t A1341  |b 0  |d CDRY  |e CDRY  |g 786.202 64 VAR ESTANTERIA ABIERTA  |z 2005-50-42 
942 |c BK 
999 |c 47486  |d 47486